000
00198 a2200097 4500
020
_a
9780822566311
041
_a
spa
100
_a
Zemlicka, Shannon
245
_a
Del huevo a la mariposa
942
_c
BK
999
_c
31918
_d
31916